Ζητήματα σύγχρονης κοινωνικής πολιτικής : από το κράτος πρόνοιας στο νέο προνοιακό πλουραλισμό : φροντίδα και γήρανση: η σύγχρονη πλουραλιστική πρόκληση
Αποθηκεύτηκε σε:
| Κύριος συγγραφέας: | |
|---|---|
| Μορφή: | Βιβλίο |
| Γλώσσα: | Greek |
| Δημοσίευση: |
Αθήνα :
Gutenberg,
2002.
|
| Θέματα: | |
| Ετικέτες: |
Προσθήκη ετικέτας
Δεν υπάρχουν, Καταχωρήστε ετικέτα πρώτοι!
|
MARC
| LEADER | 00000cam a2200000 i 4500 | ||
|---|---|---|---|
| 001 | 1/87356 | ||
| 008 | 051013s2002 gr | ||| |||| ||gre|| | ||
| 020 | |a 9600106258 | ||
| 035 | |l 10080798 | ||
| 040 | |a GR-MyUa |b gre |e AACR2 | ||
| 041 | 0 | |a gre | |
| 082 | 0 | |a 361.61 |2 (22) | |
| 100 | 1 | |a Στασινοπούλου, Όλγα Β. | |
| 245 | 1 | 0 | |a Ζητήματα σύγχρονης κοινωνικής πολιτικής : |b από το κράτος πρόνοιας στο νέο προνοιακό πλουραλισμό : φροντίδα και γήρανση: η σύγχρονη πλουραλιστική πρόκληση / |c Ολγα Β. Στασινοπούλου. |
| 260 | |a Αθήνα : |b Gutenberg, |c 2002. | ||
| 300 | |a 354 σ. ; |c 21 εκ. | ||
| 504 | |a Βιβλιογραφία: σ. 323-346. Ευρετήρια. | ||
| 650 | 0 | |a Social policy. | |
| 650 | 0 | |a Welfare state. | |
| 650 | 0 | |a Older people. | |
| 852 | |a INST |b LESVOS |e 20051013 |h 361.61 ΣΤΑ |p 005100032808 |q 005100032808 |t BK |y 0 | ||
| 852 | |a INST |b LESVOS |e 20110707 |h 361.61 ΣΤΑ |p 005100050206 |q 005100050206 |t BK |y 0 | ||
| 852 | |a INST |b LESVOS |e 20110707 |h 361.61 ΣΤΑ |p 005100050207 |q 005100050207 |t BK |y 0 | ||
| 852 | |a INST |b LESVOS |e 20110707 |h 361.61 ΣΤΑ |p 005100050208 |q 005100050208 |t BK |y 0 | ||
| 852 | |a INST |b SYROS |e 20180305 |h 361.61 ΣΤΑ |p 005500013315 |q 005500013315 |t BK |y 0 | ||
| 901 | |a BIBL1-2005-3 | ||
| 901 | |a BIBL1-2011-2 | ||
| 970 | |a Καρά |b Γιασεμή |z 13/10/2005 | ||